书目信息 |
| 题名: |
酶活检测
|
|
| 作者: | 雷蒙 编著 ;林章凛 , 蔡真 译 | |
| 分册: | ||
| 出版信息: | 北京 化学工业出版社 2008.01 |
|
| 页数: | 334页, [6] 页图版 | |
| 开本: | 25cm | |
| 丛书名: | 工业生物技术译著系列 | |
| 单 册: | ||
| 中图分类: | Q55 | |
| 科图分类: | ||
| 主题词: | 酶--mei--检测 | |
| 电子资源: | ||
| ISBN: | 978-7-122-01200-5 | |
| 000 | 01487nam 2200325 450 | |
| 001 | 012008734284 | |
| 005 | 20080421111100.64 | |
| 010 | @a978-7-122-01200-5@b精装@dCNY49.00 | |
| 100 | @a20080419d2008 em y0chiy0120 ea | |
| 101 | 1 | @achi@cger |
| 102 | @aCN@b110000 | |
| 105 | @aaf a 001yy | |
| 106 | @ar | |
| 200 | 1 | @a酶活检测@Amei huo jian ce@e高通量筛选,遗传选择以及指纹分析@d= Enzyme assays@ehigh-throughput screening, genetic selection and fingerprinting@f(瑞士) 简-路易斯 雷蒙编著@F(rui shi)jian-lu yi si lei meng bian zhu@fJean-Louis Reymond@g林章凛, 蔡真译@Glin zhang lin,cai zhen yi@zeng |
| 210 | @a北京@c化学工业出版社@d2008.01 | |
| 215 | @a334页, [6] 页图版@c图@d25cm | |
| 225 | 2 | @a工业生物技术译著系列@Agong ye sheng wu ji shu yi zhu xi lie |
| 300 | @a国外优秀科技著作出版专项基金资助 | |
| 320 | @a有书目和索引 | |
| 330 | @a本书内容包括:根据颜色变化定量检测水解酶的活性和选择性,检测酶对映体选择性的高通量筛选体系,氧化还原酶的高通量筛选方法等。 | |
| 410 | 0 | @12001 @a工业生物技术译著系列 |
| 500 | 10 | @aEnzyme assays: high-throughput screening, genetic selection and fingerprinting@mChinese |
| 517 | 1 | @a高通量筛选,遗传选择以及指纹分析@Agao tong liang shai xuan,yi chuan xuan ze yi ji zhi wen fen xi |
| 606 | 0 | @a酶@Amei@x检测 |
| 690 | @aQ55@v4 | |
| 701 | 1 | @a雷蒙@Alei meng@g(Reymond, Jean-Louis)@4编著 |
| 702 | 0 | @a林章凛@Alin zhang lin@4译 |
| 702 | 0 | @a蔡真@Acai zhen@4译 |
| 801 | 0 | @aCN@bQSSK@c20080421 |
| 905 | @b294659-61@dQ55@eL083@f3 | |
| 酶活检测:高通量筛选,遗传选择以及指纹分析= Enzyme assays:high-throughput screening, genetic selection and fingerprinting/(瑞士) 简-路易斯 雷蒙编著/Jean-Louis Reymond/林章凛, 蔡真译.-北京:化学工业出版社,2008.01 |
| 334页, [6] 页图版:图;25cm.-(工业生物技术译著系列) |
| 国外优秀科技著作出版专项基金资助 |
| ISBN 978-7-122-01200-5(精装):CNY49.00 |
| 本书内容包括:根据颜色变化定量检测水解酶的活性和选择性,检测酶对映体选择性的高通量筛选体系,氧化还原酶的高通量筛选方法等。 |
| ● |
| 相关链接 |
|
|
|
正题名:酶活检测
索取号:Q55/L083
 
预约/预借
| 序号 | 登录号 | 条形码 | 馆藏地/架位号 | 状态 | 备注 |
| 1 | 294659 | 202946599 | 自科二线504/504自科库 38排1列1层/ [索取号:Q55/L083] | 在馆 | |
| 2 | 294660 | 202946606 | 自科二线504/504自科库 38排1列1层/ [索取号:Q55/L083] | 在馆 | |
| 3 | 294661 | 202946615 | 自科二线504/504自科库 38排1列1层/ [索取号:Q55/L083] | 在馆 |